Diagnostic results concerning a measure of rotability.

Pomocou Khuriho metódy merania rotability sa určuje blízkosť predpovede istých vlastnosti variancie. Takto sa získajú informácie, prinášajúce nový pohľad na povahu blízkej rotability. Ilustrácia na konkrétnych štyroch návrhoch.

Saved in:
Bibliographic Details
Main Author: Khuri, A.I
Format: Book Chapter
Language:English
Subjects:
Tags: Add Tag
No Tags, Be the first to tag this record!

MARC

LEADER 00000naa a2200000 4500
001 r011757
005 20221213085039.2
041 0 |a eng 
044 |a GB 
245 1 0 |a Diagnostic results concerning a measure of rotability.  |c A.I. Khuri 
520 |a Pomocou Khuriho metódy merania rotability sa určuje blízkosť predpovede istých vlastnosti variancie. Takto sa získajú informácie, prinášajúce nový pohľad na povahu blízkej rotability. Ilustrácia na konkrétnych štyroch návrhoch. 
610 2 0 |a metódy matematicko-štatistické 
610 2 0 |a diagnostikácia 
100 1 |a Khuri, A.I.